书目信息 |
| 题名: |
水旱灾害风险管理
|
|
| 作者: | ;国家防汛抗旱总指挥部 , 中国水利学会 编 | |
| 分册: | ||
| 出版信息: | 北京 中国水利水电出版社 2005.10 |
|
| 页数: | 433页 | |
| 开本: | 26cm | |
| 丛书名: | ||
| 单 册: | ||
| 中图分类: | P426.616-53 , P426.616 | |
| 科图分类: | ||
| 主题词: | 水力发电工程--文集 , 水灾--风险管理--文集 , 干旱--风险管理--文集 , 气象要素 , 水力发电工程 , 水灾 , 风险管理 , 干旱 , 气象要素--文集 , 大气现象 | |
| 电子资源: | ||
| ISBN: | 7-5084-3321-1 | |
| 000 | 01295nam0 2200373 450 | |
| 001 | 003071665 | |
| 005 | 20110407154544.51 | |
| 010 | @a7-5084-3321-1@dCNY80.00 | |
| 100 | @a20100913d2005 emky0chiy0110 ea | |
| 101 | 0 | @achi |
| 102 | @aCN@b110000 | |
| 105 | @ay z 000yy | |
| 200 | 1 | @a水旱灾害风险管理@Ashui han zai hai feng xian guan li@f国家防汛抗旱总指挥部办公室,中国水利学会减灾专业委员会编 |
| 210 | @a北京@c中国水利水电出版社@d2005.10 | |
| 215 | @a433页@d26cm | |
| 300 | @a中国水利学会2005学术年会论文集 | |
| 330 | @a本书收入中国水利学术年会2005年水旱灾害风险管理新方略分会场论文70余篇,分“理论探讨篇”、“实际运用篇”、“专题研究篇”三大部分,围绕水旱灾害风险管理这个主题,展开多角度的研讨。 | |
| 606 | 0 | @a水力发电工程@j文集 |
| 606 | 0 | @a水灾@x风险管理@j文集 |
| 606 | 0 | @a干旱@x风险管理@j文集 |
| 606 | 0 | @a气象要素 |
| 606 | 0 | @a水力发电工程 |
| 606 | 0 | @a水灾 |
| 606 | 0 | @a风险管理 |
| 606 | 0 | @a干旱 |
| 606 | 0 | @a气象要素@j文集 |
| 606 | 0 | @a大气现象 |
| 690 | @aP426.616-53@v5 | |
| 690 | @aP426.616@v5 | |
| 711 | 02 | @a国家防汛抗旱总指挥部@Aguo jia fang xun kang han zong zhi hui bu@b办公室@4编 |
| 711 | 02 | @a中国水利学会@Azhong guo shui li xue hui@b减灾专业委员会@4编 |
| 801 | 0 | @c20110407 |
| 905 | @aBZT@dP426.616@e1 | |
| 906 | @dCNY80.00@n0@r1 | |
| 水旱灾害风险管理/国家防汛抗旱总指挥部办公室,中国水利学会减灾专业委员会编.-北京:中国水利水电出版社,2005.10 |
| 433页;26cm |
| 中国水利学会2005学术年会论文集 |
| ISBN 7-5084-3321-1:CNY80.00 |
| 本书收入中国水利学术年会2005年水旱灾害风险管理新方略分会场论文70余篇,分“理论探讨篇”、“实际运用篇”、“专题研究篇”三大部分,围绕水旱灾害风险管理这个主题,展开多角度的研讨。 |
| ● |
| 相关链接 |
|
|
|
正题名:水旱灾害风险管理
索取号:P426.616/1
 
预约/预借
| 序号 | 登录号 | 条形码 | 馆藏地/架位号 | 状态 | 备注 |
| 1 | 761488 | 2000761488 | 中心书库中库/ 中库041架A面3列1层33/ [索取号:P426.616/1] | 在馆 | |
| 2 | 761489 | 2000761489 | 中心书库中库/ 中库041架A面3列1层40/ [索取号:P426.616/1] | 在馆 | |
| 3 | 761490 | 2000761490 | 中心书库中库/ 中库041架A面3列1层41/ [索取号:P426.616/1] | 在馆 | |
| 4 | 761491 | 2000761491 | 中心书库中库/ 中库041架A面3列1层32/ [索取号:P426.616/1] | 在馆 | |
| 5 | 761492 | 2000761492 | 中心书库中库/ 中库041架A面3列1层34/ [索取号:P426.616/1] | 在馆 | |
| 6 | 761493 | 2000761493 | 中心书库中库/ 中库041架A面3列1层38/ [索取号:P426.616/1] | 在馆 | |
| 7 | 761494 | 2000761494 | 中心书库中库/ 中库041架A面3列1层39/ [索取号:P426.616/1] | 在馆 | |
| 8 | 761495 | 2000761495 | 中心书库中库/ 中库041架A面3列1层35/ [索取号:P426.616/1] | 在馆 | |
| 9 | 761496 | 2000761496 | 中心书库中库/ 中库041架A面3列1层36/ [索取号:P426.616/1] | 在馆 | |
| 10 | 761497 | 2000761497 | 中心书库中库/ 中库041架A面3列1层37/ [索取号:P426.616/1] | 在馆 |